Geography With New - Statistics

General Stats
  • This quiz has been taken 26 times
  • The average score is 10 of 14
Answer Stats
Hint Answer % Correct
Country New Zealand
92%
US state starting with H New Hampshire
88%
US state starting with J New Jersey
88%
US state starting with M New Mexico
88%
US state/city New York
88%
Former name of above New Amsterdam
83%
City in Louisiana New Orleans
79%
French territory New Caledonia
67%
Australian state New South Wales
67%
English city upon the river Tyne Newcastle
63%
Captial New Delhi
50%
Island in Oceania New Guinea
42%
New lands in western hemisphere New World
42%
Old name of Australia New Holland
33%
No matching quizzes found
Score Distribution
Percent of People with Each Score
Percentile by Number Answered
Your Score History
You have not taken this quiz